Careers in film and video Author (Record no. 7368)
[ view plain ]
| 000 -LEADER | |
|---|---|
| fixed length control field | 00864nam a2200205za 4500 |
| 020 ## - INTERNATIONAL STANDARD BOOK NUMBER | |
| ISBN | 0749419296 |
| 020 ## - INTERNATIONAL STANDARD BOOK NUMBER | |
| ISBN | 9780749419295 |
| 050 ## - CALL NUMBER | |
| Classification number | PN1995.9 |
| Item number | .Os7 |
| 100 ## - AUTHOR | |
| Personal name | Ostrov, Ricki |
| 245 ## - TITLE | |
| Title | Careers in film and video Author |
| Statement of responsibility, etc | Ricki Ostrov; Howard Hall |
| 250 ## - EDITION | |
| Edition statement | 5th ed |
| 260 ## - PUBLICATION INFORMATION | |
| Place of publication | London : |
| Name of publisher | Kogan Page, |
| Year of publication | 1996. |
| 300 ## - DESCRIPTION | |
| Number of Pages | 96 pages ; |
| Dimensions | 22 cm. |
| 440 ## - SERIES | |
| SERIES | Kogan Page careers series. |
| 505 ## - FORMATTED CONTENTS NOTE | |
| Table of Content | Part 1;<br/>1. The structure of the industry<br/>2. Working in the industry<br/>3. Education and training<br/>4. Getting started<br/>Part 2:<br/>5. Courses available<br/>6. Opportunities abroad <br/>7. Organizations, unions, productions, companies<br/>8. A very short history of film ad video |
| 650 ## - SUBJECTS | |
| Topical Term | Motion pictures -- |
| General subdivision | Vocational guidance. |
| 650 ## - SUBJECTS | |
| Topical Term | Motion pictures -- |
| General subdivision | Vocational guidance -- Great Britain. |
| 700 ## - OTHER AUTHORS | |
| Personal name | Hall, Howard |
| 942 ## - ADDED ENTRY ELEMENTS (KOHA) | |
| Koha item type | Books |
| Withdrawn status | Lost status | Collection code | Home library | Current library | Shelving location | Date acquired | Full call number | Accession Number | Koha item type |
|---|---|---|---|---|---|---|---|---|---|
| Reference | Methodist University Library Main | Methodist University Library Main | General Stacks | PN1995.9 .Os7 | 39176 | Books |